Statistiken für NATO Mitglied? #4

Klicken Sie hier um das Quiz zu spielen!

Allgemein

  • Dieses Quiz wurde 55 mal gespielt
  • Das Durchschnittsergebnis liegt bei 13 aus 15

Antwortstatistiken

HintAntwort% Korrekt
FrankreichJa
98%
KasachstanNein
98%
DänemarkJa
96%
Belarus/ WeißrusslandNein
94%
VenezuelaNein
94%
UngarnJa
92%
PanamaNein
92%
TaiwanNein
92%
AlgerienNein
90%
ArgentinienNein
86%
BulgarienJa
84%
LitauenJa
84%
MonacoNein
71%
ZypernNein
67%
AlbanienJa
55%

Verteilung der Resultate

Perzentil nach korrekt beantworteten Fragen

Anzahl Personen mit jedem Resultat

Ihre Resultats-Entwicklung

Sie haben dieses Quiz noch nicht gespielt